000 00467nam a2200145Ia 4500
041 _aArabic
082 _a345 cut-59 ح
100 _a20260118u\\\\\\\\\\\y0engy0103\\\\ba
100 _aد.نبيل محمود حسن
245 0 _aتعويض ضحايا الجريمة على الصعيدين الوطني والدولي
250 _aط1
260 _bالمصرية للطباعة والتجليد
_aالقاهرة - مصر
_c2008
300 _a126
942 _cBk
999 _c188172
_d188172